000 00524nam a2200193Ia 4500
999 _c14868
_d14868
003 OSt
005 20201023132513.0
008 190216s9999||||xx |||||||||||||| ||und||
020 _a9780199238293
040 _coclc
082 _a833.912
_bKAF/T
100 _aKafka, Franz
_95083
245 4 _aThe Trial /
_cFranz Kafka
250 _a1st Ed.
260 _bOxford University Press ,
_c2009.
_aNew Delhi:
300 _a191p
650 _aEnglish
942 _cBK
_2ddc
_h833.912
_iKAF/T
_k833.912
_mKAF/T